Real estate essentials : a glossary and study guide (Record no. 102581)

MARC details
000 -LEADER
fixed length control field 01187cam a2200289 4500
008 - FIXED-LENGTH DATA ELEMENTS--GENERAL INFORMATION
fixed length control field 030113n2003 000 0 eng u
020 ## - INTERNATIONAL STANDARD BOOK NUMBER
International Standard Book Number 1576854124
035 ## - SYSTEM CONTROL NUMBER
System control number (Sirsi) u120969
050 ## - LIBRARY OF CONGRESS CALL NUMBER
Classification number 333.339873
-- 21
110 ## - MAIN ENTRY--CORPORATE NAME
Corporate name or jurisdiction name as entry element Learning Express
9 (RLIN) 4402
245 ## - TITLE STATEMENT
Title Real estate essentials : a glossary and study guide
260 ## - PUBLICATION, DISTRIBUTION, ETC.
Place of publication, distribution, etc. New York
Name of publisher, distributor, etc. Learning Express
Date of publication, distribution, etc. 2003
300 ## - PHYSICAL DESCRIPTION
Extent 114p.
Dimensions 21cm.
350 ## - PRICE (NR) (BK AM CF MU VM SE) [OBSOLETE]
Price 9.99
520 ## - SUMMARY, ETC.
Summary, etc. This American study guide for students taking their real estate agent and broker certification exams is divided into four sections. The first offers advice on getting the most from the text itself whilst the second and third offer studying tips and mnemonics for remembering important pieces of information. A useful real estate glossary forms the fourth section and a further list of useful organisations is provided as an appendix.
650 ## - SUBJECT ADDED ENTRY--TOPICAL TERM
Topical term or geographic name entry element DICTIONARIES
650 ## - SUBJECT ADDED ENTRY--TOPICAL TERM
Topical term or geographic name entry element ESTATE AGENCY
650 ## - SUBJECT ADDED ENTRY--TOPICAL TERM
Topical term or geographic name entry element GLOSSARIES
650 ## - SUBJECT ADDED ENTRY--TOPICAL TERM
Topical term or geographic name entry element PROPERTY
650 ## - SUBJECT ADDED ENTRY--TOPICAL TERM
Topical term or geographic name entry element REAL ESTATE
690 ## - LOCAL SUBJECT ADDED ENTRY--TOPICAL TERM (OCLC, RLIN)
Topical term or geographic name as entry element PROPERTY-PROPERTY APPRAISAL AND VALUATION
700 ## - ADDED ENTRY--PERSONAL NAME
Personal name Tamper, Ralph
700 ## - ADDED ENTRY--PERSONAL NAME
Personal name Farthing, Ed
700 ## - ADDED ENTRY--PERSONAL NAME
Personal name Farthing, Pat
700 ## - ADDED ENTRY--PERSONAL NAME
Personal name Masi, Mary
942 ## - ADDED ENTRY ELEMENTS (KOHA)
Suppress in OPAC 0
Holdings
Withdrawn status Lost status Source of classification or shelving scheme Damaged status Not for loan Home library Current library Shelving location Date acquired Cost, normal purchase price Total Checkouts Full call number Barcode Date last seen Date last checked out Copy number Cost, replacement price Price effective from Koha item type
    Dewey Decimal Classification     London London Books 06/02/2003 9.99 7 333.339873 LEA 30068190 06/08/2019 20/10/2008 1 9.99 06/08/2019 Book